000 00384cam a22001337a 4500
008 180718b1975 xxu||||| |||| 00| 0 eng d
082 _ab12x73 n554/c.2
100 _aBY howard c. nielson
245 _aPopulation trends in the united states
260 _acalifornia
_bsatnford research institute
_c1975
300 _a57p.
650 _aPopulation trends
700 _anielson c. howard
999 _c442792
_d442792